Instructors Resource Manual to Fundamentals of Investing (Record no. 345737)

000 -LEADER
fixed length control field 00893 a2200253 4500
003 - CONTROL NUMBER IDENTIFIER
control field OSt
005 - DATE AND TIME OF LATEST TRANSACTION
control field 20180116182754.0
008 - FIXED-LENGTH DATA ELEMENTS--GENERAL INFORMATION
fixed length control field 170808b xxu||||| |||| 00| 0 eng d
020 ## - INTERNATIONAL STANDARD BOOK NUMBER
International Standard Book Number 0673998231
020 ## - INTERNATIONAL STANDARD BOOK NUMBER
International Standard Book Number 9780673998231
040 ## - CATALOGING SOURCE
Transcribing agency 0
082 ## - DEWEY DECIMAL CLASSIFICATION NUMBER
Classification number 332.678 GIT 1995
100 1# - MAIN ENTRY--PERSONAL NAME
Personal name Lawrence J. Gitman Michael D. Joehnk
245 10 - TITLE STATEMENT
Title Instructors Resource Manual to Fundamentals of Investing
Statement of responsibility, etc. Lawrence J. Gitman Michael D. Joehnk
250 ## - EDITION STATEMENT
Edition statement 6th ed.
260 ## - PUBLICATION, DISTRIBUTION, ETC.
Place of publication, distribution, etc. [S.l.] :
Name of publisher, distributor, etc. Longman,
Date of publication, distribution, etc. 1995
300 ## - PHYSICAL DESCRIPTION
Extent 123p.
Dimensions 24 cm.
Other physical details pb.
440 ## - SERIES STATEMENT/ADDED ENTRY--TITLE
Title Instructors Resource Manual to Fundamentals of Investing
500 ## - GENERAL NOTE
General note Paperback.
700 1# - ADDED ENTRY--PERSONAL NAME
Personal name JOEHNK.
856 40 - ELECTRONIC LOCATION AND ACCESS
Materials specified Amazon.com
Uniform Resource Identifier <a href="http://www.amazon.com/exec/obidos/ASIN/0673998231/chopaconline-20">http://www.amazon.com/exec/obidos/ASIN/0673998231/chopaconline-20</a>
856 40 - ELECTRONIC LOCATION AND ACCESS
Materials specified Amazon customer reviews
Uniform Resource Identifier <a href="http://www.chopac.org/cgi-bin/tools/azrev.pl?q=0673998231">http://www.chopac.org/cgi-bin/tools/azrev.pl?q=0673998231</a>
942 ## - ADDED ENTRY ELEMENTS (KOHA)
Institution code [OBSOLETE] NBS
Koha item type Book
Call number prefix 332.678 GIT 1995
Source of classification or shelving scheme
Holdings
Withdrawn status Lost status Damaged status Not for loan Permanent Location Current Location Date acquired Total Checkouts Full call number Barcode Date last seen Date last checked out Price effective from Koha item type
        Central Library (CL) Central Library (CL) 08/28/2013 2 332.678 GIT NBS242 11/22/2017 08/08/2017 08/28/2013 Book
© 2023 Central Library, National University of Sciences and Technology. All Rights Reserved.